Provincias del Califato Omeya de Córdoba en un Mapa - Estadísticas

Estadísticas generales
  • Esta prueba ha sido intentada 18 veces
    17 desde el último reinicio
  • La puntuación promedio es 15 de 50
Respuestas en el mapa
Las respuestas están codificadas por una escala verde-roja en el mapa de la prueba según el % correcto abajo.
 
Estadísticas de respuestas
C Respuesta % Correcto
Inner Kūwar Qurṭuba
100%
Inner Kūwar Isbiliyya
94%
Middle March Ṭulayṭula
88%
Inner Kūwar Balansiyya
81%
Inner Kūwar Illbīra
81%
Upper March Saraqusta
81%
Lower March al-Ushbūna
75%
Inner Kūwar Tudmīr
75%
Inner Kūwar Al-Jazīra
69%
Lower March Baṭalyaws
69%
Inner Kūwar Yāyyan
69%
Inner Kūwar Sabta
63%
Upper March Wasqa
56%
Others Islas Orientales
50%
Inner Kūwar Uksunuba
50%
Upper March Lārida
38%
Lower March Mārida
38%
Inner Kūwar Rayya
38%
Upper March Turtūsa
38%
Middle March Sahla
31%
Inner Kūwar Bāya
25%
Lower March Yābura
25%
Upper March Barbitāna
19%
Upper March Qalʿat Ayyūb
19%
Lower March Qulumriyya
19%
Lower March Shantarin
19%
Middle March Ṭalabayra
19%
Upper March Tutila
19%
Others al-Turo
13%
Inner Kūwar Qabra
13%
Middle March al-Balāṭ
6%
Middle March Banu Razin
6%
Others Fās
6%
Inner Kūwar Istiyya
6%
Middle March Madînat Sâlim
6%
Others Maghrawa
6%
Middle March Qalʿat Rabah
6%
Lower March Qūriyya
6%
Inner Kūwar Sidūna
6%
Lower March Turyāla
6%
Inner Kūwar Bāyyana
0%
Lower March Biyāw
0%
Lower March Egitanyia
0%
Inner Kūwar Fahs al-Ballūt
0%
Inner Kūwar Firris
0%
Inner Kūwar Lābla
0%
Inner Kūwar Maurur
0%
Inner Kūwar Qarmuna
0%
Middle March Santabariyya
0%
Inner Kūwar Takurunna
0%
No se encontraron pruebas coincidentes
Distribución de puntuación
Porcentaje de gente con cada puntuación
Porcentaje por número respondido
Historial de tus puntuaciones
No has intentado esta prueba desde el último reinicio